Zváranie Ti s Cu laserovým lúčom

Uložené v:
Podrobná bibliografia
Hlavný autor: Veselovský, František (Autor)
Ďalší autori: Kovačócy, Pavel (Vedúci práce)
Médium: Rukopis Kniha
Jazyk:Slovak
Vydavateľské údaje: 2023
Predmet:
On-line prístup:http://is.stuba.sk/zp/portal_zp.pl?podrobnosti=170030
Tagy: Pridať tag
Žiadne tagy, Buďte prvý, kto otaguje tento záznam!

MARC

LEADER 00000ntm a22000003a 4500
001 stuzp93611
003 SK-STU
005 20230909215602.5
007 ta
008 150427s2015----xo-----f-mn---000-0-slo-d
040 |a STU  |b slo 
041 0 |a slo 
100 1 |a Veselovský, František  |u 063000  |4 aut  |U MTF Materiálovotechnologická fakulta  |T MTF Ústav výrobných technológií  |X 111867  |U M3000  |Y 83  |7 111867 
242 0 1 |a Laser beam welding of Ti to Cu  |y eng 
245 1 0 |a Zváranie Ti s Cu laserovým lúčom 
260 |c 2023 
650 4 |a zváranie laserovým lúčom  |2 slo 
650 4 |a rýchlosť zvárania  |2 slo 
650 4 |a materiály titán a meď  |2 slo 
650 4 |a experimentálny program  |2 slo 
650 4 |a tepelný príkon lasera  |2 slo 
650 4 |a laser beam welding  |2 eng 
650 4 |a welding speed  |2 eng 
650 4 |a laser heat input  |2 eng 
650 4 |a titanium and copper materials  |2 eng 
650 4 |a experimental program  |2 eng 
700 1 |a Kovačócy, Pavel  |u 063100  |k Z1  |4 ths  |U MTF Ústav výrobných technológií  |T MTF Katedra zvárania a spájania materiálov  |X 4171  |U M3100  |Y 162  |7 A000004171 
856 4 |u http://is.stuba.sk/zp/portal_zp.pl?podrobnosti=170030 
996 |c M* BP-9703  |l MMSKP  |s P  |a 0  |w stuzp93611_0001